UM Logo

Forensic science 4 questioned document examination laboratory manual / (Record no. 18647)

MARC details
000 -LEADER
fixed length control field 00693nam a22001817a 4500
008 - FIXED-LENGTH DATA ELEMENTS--GENERAL INFORMATION
fixed length control field 240104b ||||| |||| 00| 0 eng d
020 ## - INTERNATIONAL STANDARD BOOK NUMBER
International Standard Book Number 9786214182879
082 ## - DEWEY DECIMAL CLASSIFICATION NUMBER
Edition number 2023
Classification number DFil 363.2565
Item number C112
100 ## - MAIN ENTRY--PERSONAL NAME
Personal name Cabrillas, Tomas L.
9 (RLIN) 50553
245 ## - TITLE STATEMENT
Title Forensic science 4 questioned document examination laboratory manual /
Statement of responsibility, etc. Tomas L. Cabrillas and Ian Welbert B. Abelleja.
260 ## - PUBLICATION, DISTRIBUTION, ETC. (IMPRINT)
Place of publication, distribution, etc. Quezon City :
Name of publisher, distributor, etc. Wiseman's books trading, Inc.,
Date of publication, distribution, etc. ©2023.
300 ## - PHYSICAL DESCRIPTION
Extent vii, 34 pages :
Other physical details illustrations ;
Dimensions 28 cm.
500 ## - GENERAL NOTE
General note Includes references.
650 ## - SUBJECT ADDED ENTRY--TOPICAL TERM
Topical term or geographic name as entry element Writing
General subdivision Identification.
9 (RLIN) 50579
650 ## - SUBJECT ADDED ENTRY--TOPICAL TERM
Topical term or geographic name as entry element Forgery.
9 (RLIN) 50580
700 ## - ADDED ENTRY--PERSONAL NAME
Personal name Abelleja, Ian Welbert B.
Relator term author.
9 (RLIN) 50554
942 ## - ADDED ENTRY ELEMENTS (KOHA)
Source of classification or shelving scheme Dewey Decimal Classification
Koha item type Filipiniana
Holdings
Withdrawn status Lost status Source of classification or shelving scheme Damaged status Not for loan Collection code Home library Current library Date acquired Source of acquisition Cost, normal purchase price Total Checkouts Full call number Barcode Date last seen Copy number Price effective from Koha item type
    Dewey Decimal Classification     Filipiniana UM Digos College - LIC UM Digos College - LIC 08/08/2023 Purchased 198.00   DFil 363.2565 C112 2023 27408 05/15/2025 1 01/04/2024 Filipiniana
    Dewey Decimal Classification     Filipiniana UM Digos College - LIC UM Digos College - LIC 08/08/2023 Purchased 198.00   DFil 363.2565 C112 2023 27409 05/15/2025 2 01/04/2024 Filipiniana
    Dewey Decimal Classification     Filipiniana UM Digos College - LIC UM Digos College - LIC 08/08/2023 Purchased 198.00   DFil 363.2565 C112 2023 27410 05/15/2025 3 01/04/2024 Filipiniana